Responses for show #5011 - Monday, May 29, 2006

Contestants

Eric Dolansky, a Ph.D. student in marketing from Toronto, Ontario, Canada

Amy Cash, a geology student originally from Elmont, New York

Keith Suta, a writer from Bozeman, Montana (whose 1-day cash winnings total $15,000)

Jeopardy! Round responses

ANIMALS
SPORTS STUFF
GET YOUR FACTS STRAIGHT
5 RHYMES
(Alex: Each correct response will rhyme with the word "five".)
I LOVE THE NIGHTLIFE
I GOT TO BOOGIE
    $200 25
the tail

Eric
    $200 20
dimples

Eric
    $200 16
Sanskrit

Amy
    $200 5
hive

Keith
    $200 4
(Alex: Right, you're out of the hole.)

Las Vegas

Eric
    $200 1
(Eric: What is the Bastille?)
...
(Alex: [*], yes. Jacobite, not Jacobin.)

the Tower of London

AmyEric
    $400 27
buffalo

Amy
    $400 21
softball

Eric
    $400 17
[Alex pronounces "*&%$#*!@" as "blrblrblr-at".]

Deadwood

Keith
    $400 6
dive

Keith
    $400 10
Paris

Amy
    $400 2
(Amy: Who is Don Juan?)

(Giovanni) Casanova

KeithAmy
    $600 28
the walrus

Keith
    $600 22
the soap box derby

Amy
    $600 18
Admiral Nelson

Amy
    $600 7
chive

Eric
    $600 11
Chicago

Keith
    $600 3
a (hot air) balloon

Amy
    $800 30
(Alex: And they are so cute, they're only about this size. It's [*], a little [*].)

an antelope

Triple Stumper
    $800 24
Tokyo

Triple Stumper
    $800 19
(Amy: What is Swan Lake?)

Giselle

AmyEric
    $800 8
thrive

Amy
    $800 12
Hong Kong

Triple Stumper
    $1,000 13
the Dalai Lama

Keith
    $1000 29
the spotted owl

Keith
    $1000 26
"Doc" Blanchard

Triple Stumper
    $1000 23
Dorothea Dix

Amy
    $1000 9
strive

Keith
    $1000 15
Frankfurt

Amy
    $1000 14
Kurt Vonnegut

Eric

Scores at the first commercial break (after clue 15):

Keith Amy Eric
$3,600 $2,600 $1,600

Scores at the end of the Jeopardy! Round:

Keith Amy Eric
$5,600 $4,600 $3,200

Double Jeopardy! Round responses

IT'S CANADA, EH
AFI's TOP 100 MOVIE QUOTES
(Alex: You have to name the film each quote is taken from.)
MEN'S WEAR
"C" IN SHAKESPEARE
YOU CAN BANK ON IT
BEFORE & AFTER
    $400 1
October

Eric
    $400 3
(Alex: Correct. "Smells like victory.")

Apocalypse Now

Amy
    $400 30
a vest

Eric
    $400 8
Capulet

Keith
    $400 21
a loan

Eric
    $400 16
Batman & Robin Leach

Amy
    $800 2
Saskatchewan

Keith
    $800 4
Psycho

Amy
    $800 26
crumbs

Eric
    $800 9
Cyprus

Triple Stumper
    $800 22
(Keith: What is cashing?)
(Alex: Be more specific.)
[Keith's time runs out.]
...
(Eric: What is depositing?)

endorsing it

KeithAmyEric
    $800 17
Magical Mystery Tour de France

Eric
    $1200 11
seals

Eric
    $1200 5
The Treasure of the Sierra Madre

Amy
    $2,200 27
a fedora

Eric
    $1200 10
Cornwall

Eric
    $1200 23
cashier

Triple Stumper
    $1200 18
John Wilkes Booth Tarkington

Amy
    $4,000 12
(Alex: [*] is right. Thought you might go for Hudson instead. Well done.)

(William) Baffin

Eric
    $1600 6
Midnight Cowboy

Keith
    $1600 28
pants

Triple Stumper
    $1600 14
Coriolanus

Eric
    $1600 24
(Amy: What is Monopoly?)

Chase

KeithAmy
    $1600 19
A Clockwork Orange Pekoe

Keith
    $2000 13
Gaspé

Eric
    $2000 7
Soylent Green

Keith
    $2000 29
(Alex: You know it, I'm sure.)

glen plaid

Triple Stumper
    $2000 15
Cymbeline

Triple Stumper
    $2000 25
(Keith: What is check recognition?)
(Amy: What is check routing?)

character recognition

KeithAmy
Triple Stumper
    $2000 20
Chief Joseph Pulitzer

Amy

Scores at the end of the Double Jeopardy! Round:

Keith Amy Eric
$10,800 $7,800 $17,400

[wagering suggestions for these scores]

Final Jeopardy! Round responses

20th CENTURY AMERICANS
AmyWho is [M-something crossed out] Glenn
$7,800
KeithWho is Edward Kennedy
$5,000
EricWho is John Glenn
$4,201
John Glenn

Final scores:

Keith Amy Eric
$5,800 $15,600 $21,601
3rd place: $1,000 2nd place: $2,000 New champion: $21,601

Game dynamics:

Coryat scores:

Keith Amy Eric
$10,600 $7,800 $14,000
15 R
(including 1 DD),
2 W
17 R,
4 W
18 R
(including 2 DDs),
2 W

Combined Coryat: $32,400

The J! Archive is created by fans, for fans. The Jeopardy! game show and all elements thereof, including but not limited to copyright and trademark thereto, are the property of Jeopardy Productions, Inc. and are protected under law. This website is not affiliated with, sponsored by, or operated by Jeopardy Productions, Inc. Join the discussion at JBoard.tv.